| 000 | 01083cam a2200229 4500 | ||
|---|---|---|---|
| 001 | WB3913-15 | ||
| 008 | 030401n2003 000 0 eng u | ||
| 035 | _a(Sirsi) u121861 | ||
| 245 | _aSocial firms to get legal shield | ||
| 260 | _c2003 | ||
| 490 |
_aDTI Press Release _v(P/2003/190) 26 March 2003 |
||
| 490 |
_aRegeneration and Renewal _v28 March 2003, 1(5) |
||
| 520 | _aGovernment has launched a consultation on the setting up and running of community interest companies (CICs). The proposals include the creation of CICs with extra legal protection to safeguard their assets. It is hoped that this will lead to the establishment of 'hundreds' of such companies. The consultation paper can be viewed at http://www.dti.gov.uk/cics. DTI Press Release http://www.gnn.gov.uk/gnn/national.nsf/TI/E33F429E46D2CD8D80256CF5004106E1?opendocument | ||
| 590 | _aWB | ||
| 650 | _aDEPRIVED AREAS | ||
| 650 | _aSOCIAL ENTERPRISES | ||
| 650 | _aLEGAL STATUS | ||
| 650 | _aPUBLIC CONSULTATIONS | ||
| 650 | _aCOMMUNITY INTEREST COMPANIES | ||
| 690 | _aREGENERATION | ||
| 942 | _n0 | ||
| 999 |
_c72416 _d72416 |
||